Central Library OPAC University of Rajshahi

John of Salisbury / (Record no. 55512)

MARC details
000 -LEADER
fixed length control field 01333cam a2200349 i 4500
001 - CONTROL NUMBER
control field 55512
003 - CONTROL NUMBER IDENTIFIER
rucl marc code BD-RjUL
005 - DATE AND TIME OF LATEST TRANSACTION
control field 20211209080257.0
008 - FIXED-LENGTH DATA ELEMENTS--GENERAL INFORMATION
fixed length control field 130329r19711932n b 001 0deng
020 ## - INTERNATIONAL STANDARD BOOK NUMBER
International Standard Book Number 9789004226630 (hardback : acidfree paper)
Canceled/invalid ISBN 9789004251472 (e-book)
035 ## - SYSTEM CONTROL NUMBER
System control number (BD-RjUL)
040 ## - CATALOGING SOURCE
Original cataloging agency DLC
Language of cataloging eng
Transcribing agency DLC
Description conventions rda
Modifying agency DLC
041 ## - LANGUAGE CODE
Language code of text/sound track or separate title eng
042 ## - AUTHENTICATION CODE
Authentication code pcc
043 ## - GEOGRAPHIC AREA CODE
Geographic area code e------
082 00 - DEWEY DECIMAL CLASSIFICATION NUMBER
Classification number 355.0092
Edition number 23
Author mark and year WEJ 1971
100 1# - MAIN ENTRY--PERSONAL NAME
Personal name Weeb, Clement C.J.
9 (RLIN) 225303
245 10 - TITLE STATEMENT
Title John of Salisbury /
Statement of responsibility, etc. by Clement C.J. Weeb
264 #1 - PRODUCTION, PUBLICATION, DISTRIBUTION, MANUFACTURE, AND COPYRIGHT NOTICE
Place of production, publication, distribution, manufacture NewYork :
Name of producer, publisher, distributor, manufacturer Russel & Rassell ,
Date of production, publication, distribution, manufacture, or copyright notice 1971
300 ## - PHYSICAL DESCRIPTION
Pagination v,185 pages ;
Size 19 cm.
490 0# - SERIES STATEMENT
Series statement History of warfare,
Volume/sequential designation volume 89
504 ## - BIBLIOGRAPHY, ETC. NOTE
Bibliography, etc Includes bibliographical references (pages 205-217) and indexes.
505 0# - FORMATTED CONTENTS NOTE
Formatted contents note John's Military Lexicon -- The Soldiers -- Organization and Logistics -- Armies at War -- The Language of War -- Contemporary Military Accounts.
600 00 - SUBJECT ADDED ENTRY--PERSONAL NAME
Personal name John,
Titles and other words associated with a name of Salisbury, Bishop of Chartres,
Dates associated with a name -1180
General subdivision Philosophy.
Personal name John,
Titles and other words associated with a name of Salisbury, Bishop of Chartres,
Dates associated with a name -1180
General subdivision Criticism and interpretation.
650 #0 - SUBJECT ADDED ENTRY--TOPICAL TERM
Topical term or geographic name as entry element Military art and science
Geographic subdivision Europe
General subdivision History
Chronological subdivision To 1500.
9 (RLIN) 225306
651 #0 - SUBJECT ADDED ENTRY--GEOGRAPHIC NAME
Geographic name Europe
General subdivision History, Military.
9 (RLIN) 225307
942 ## - ADDED ENTRY ELEMENTS (KOHA)
Source of classification or shelving scheme Dewey Decimal Classification
Koha item type Books
Holdings
Lost status Source of classification or shelving scheme Damaged status Not for loan Collection code Permanent Location Current Location Shelving location Date acquired Source of acquisition Total Checkouts Full call number Date last seen Copy number Koha item type
  Dewey Decimal Classification   Not For Loan Non-fiction Central Library, University of Rajshahi Central Library, University of Rajshahi Reading Room 22/07/1985 Asia Foundation san Francisco. California. U:S.A.   355.0092 WEJ 1971 27/11/2018 C-1 Books